|
|
|
|
| LEADER |
00000nam a2200000Ii 4500 |
| 001 |
DIGAUHUM0058 |
| 003 |
NyNyDIG |
| 006 |
m o d |
| 007 |
cr ||||||||||| |
| 008 |
260205s2025 ck ob 001 0 spa d |
| 035 |
|
|
|a (OCoLC)1573182418
|
| 040 |
|
|
|a DGITA
|b eng
|e rda
|e pn
|c DGITA
|
| 020 |
|
|
|a 9786287777156
|q (versión digital)
|
| 020 |
|
|
|z 9786287777149
|q (versión impresa)
|
| 043 |
|
|
|a cl-----
|
| 050 |
1 |
4 |
|a RA644.C67 ebook
|
| 100 |
1 |
|
|a Cárdenas Méndez, Eliana,
|e author.
|
| 245 |
1 |
0 |
|a Quédate en tu puta casa :
|b antropologías del confinamiento en primera persona /
|c Eliana Cárdenas Méndez ; prólogo, Agustín Labrada Aguilera.
|
| 246 |
3 |
0 |
|a Antropologías del confinamiento en primera persona
|
| 250 |
|
|
|a Primera edición.
|
| 264 |
|
1 |
|a Bogotá, Colombia :
|b Editorial Aula de Humanidades ;
|a Chetumal, México :
|b Universidad Autónoma del Estado de Quintana Roo,
|c 2025.
|
| 300 |
|
|
|a 1 online resource.
|
| 336 |
|
|
|a text
|b txt
|2 rdacontent
|
| 337 |
|
|
|a computer
|b c
|2 rdamedia
|
| 338 |
|
|
|a online resource
|b cr
|2 rdacarrier
|
| 347 |
|
|
|a text file
|2 rdaft
|
| 347 |
|
|
|b PDF
|
| 490 |
1 |
|
|a Colección: Ciencias Sociales. Serie: Ética y sociedad
|
| 504 |
|
|
|a Includes bibliographical references and index.
|
| 588 |
0 |
|
|a Online resource; title from PDF title page (Digitalia, viewed February 5, 2026)
|
| 650 |
|
0 |
|a COVID-19 Pandemic, 2020-2023
|x Social aspects
|z Latin America.
|
| 650 |
|
0 |
|a COVID-19 (Disease)
|x Social aspects.
|
| 650 |
|
0 |
|a Quarantine
|x Social aspects.
|
| 700 |
1 |
|
|a Labrada Aguilera, Agustín,
|d 1964-
|e contributor agent of text.
|
| 791 |
2 |
|
|a Digitalia (Firm),
|e distributor.
|
| 793 |
0 |
|
|g Digitalia eBook Collection:
|a Editorial Aula de Humanidades
|
| 776 |
0 |
8 |
|i Print version:
|a Cárdenas Méndez, Eliana.
|t Quédate en tu puta casa.
|b Primera edición.
|d Bogotá, Colombia : Editorial Aula de Humanidades ; Chetumal, México : Universidad Autónoma del Estado de Quintana Roo, 2025
|z 9786287777149
|
| 830 |
|
0 |
|a Colección Ciencias sociales (Editorial Aula de Humanidades).
|p Serie Ética y sociedad.
|
| 856 |
4 |
0 |
|3 Digitalia Hispánica
|u https://www.digitaliapublishing.com/a/175603/
|
| 910 |
|
|
|a Premium collection: 2026
|